| 000 | 00754nam a2200241 a 4500 | ||
|---|---|---|---|
| 001 | BRCA_8270 | ||
| 005 | 20190320210214.0 | ||
| 008 | 090614c1903----sp-a###f##---#000-0#spa-# | ||
| 041 | _aspa | ||
| 044 | _asp | ||
| 050 | 4 |
_aNA3321 _b.B3 1903 |
|
| 100 | 1 |
_aBajot, Eduardo _920648 |
|
| 245 | 1 | 0 |
_aPerfiles y molduras _bcolección de documentos de estilo desde el Gótico al Imperio _cEd Bajot. |
| 260 |
_aBarcelona _bGustavo Gili _c[1903?] |
||
| 300 |
_a1 v. (sin paginación) _bil., 52 láminas _c40 cm. |
||
| 500 | _aIncluye índice de ilustraciones | ||
| 500 | _aS41 | ||
| 650 | 1 | 4 |
_aDecoración y ornamentación _vHistoria _920649 |
| 650 | 1 | 4 |
_aArquitectura gótica _92038 |
| 650 | 1 | 4 |
_aArquitectura imperial _920650 |
| 902 | _aGFM | ||
| 942 |
_2lcc _cB |
||
| 999 |
_c7938 _d7938 |
||